[Event "Warsaw YMCA Autumn-C 159th"]
[Site "Warsaw"]
[Date "2015.11.18"]
[Round "9"]
[White "Wrabel, Antoni"]
[Black "Ferraris, Danilo"]
[Result "1-0"]
[WhiteElo "1660"]
[BlackElo "1590"]
[PlyCount "105"]
[EventDate "2015.09.23"]
[EventType "tourn"]
[EventRounds "13"]
[EventCountry "POL"]
[SourceTitle "EXT 2019"]
[Source "ChessBase"]
[SourceDate "2018.10.10"]
[SourceVersion "1"]
[SourceVersionDate "2018.10.10"]
[SourceQuality "1"]

1. e4 c6 2. d4 d5 3. exd5 cxd5 4. Bd3 Nf6 5. c3 e6 6. Bf4 Bd6 7. Qf3 Bxf4 8. Qxf4 0-0 9. Nf3 Nc6 10. 0-0 Qb6 11. b3 Bd7 12. Nbd2 Rac8 13. Ne5 Qc7 14. Ndf3 h6 15. Qh4 Qd8 16. Rac1 Nxe5 17. dxe5 Nh7 18. Qb4 Qc7 19. c4 dxc4 20. Rxc4 Qb8 21. Rd1 Bc6 22. Be4 Bxe4 23. Rxe4 Rfd8 24. Red4 Nf8 25. h4 b6 26. a4 Rxd4 27. Qxd4 Qc7 28. Rd3 Qc5 29. Qe4 Ng6 30. Rd7 Rc7 31. Rd8+ Nf8 32. g4 Qe7 33. Qa8 Rd7 34. Rxd7 Qxd7 35. g5 Qd5 36. Qxd5 exd5 37. Nd4 Ng6 38. gxh6 gxh6 39. Nc6 Nxh4 40. Nxa7 Nf3+ 41. Kg2 Nxe5 42. Nc8 Nd7 43. Ne7+ Kg7 44. Nxd5 Nc5 45. Nxb6 Nxb3 46. Nc4 Kf6 47. a5 Nc5 48. Kf3 Kg5 49. Nd6 f6 50. Ne4+ Nxe4 51. Kxe4 Kg4 52. a6 h5 53. a7 1-0

[Event "Warsaw YMCA Spring 153rd"]
[Site "Warsaw"]
[Date "2015.06.18"]
[Round "12"]
[White "Ferraris, Danilo"]
[Black "Wrabel, Antoni"]
[Result "0-1"]
[WhiteElo "1788"]
[BlackElo "1705"]
[PlyCount "102"]
[EventDate "2015.04.09"]
[EventType "tourn"]
[EventRounds "13"]
[EventCountry "POL"]
[SourceTitle "EXT 2017"]
[Source "ChessBase"]
[SourceDate "2016.10.25"]
[SourceVersion "1"]
[SourceVersionDate "2016.10.25"]
[SourceQuality "1"]

1. Nf3 d5 2. d3 Nf6 3. g3 Nbd7 4. Bg2 e5 5. 0-0 c6 6. Re1 Be7 7. e4 d4 8. Nbd2 0-0 9. a3 Qc7 10. Nc4 b5 11. Ncd2 Nc5 12. Nf1 h6 13. h3 Be6 14. Nh4 Qd7 15. Kh2 Nh7 16. Nf3 f6 17. Nh4 Qe8 18. g4 Bf7 19. Ng3 Ne6 20. Nhf5 Bg6 21. Nxe7+ Qxe7 22. Nf5 Qc7 23. Qf3 Nhg5 24. Bxg5 fxg5 25. Qg3 Rf7 26. h4 Raf8 27. h5 Bh7 28. Bh1 Nf4 29. Qf3 c5 30. Rac1 c4 31. Bg2 Qa5 32. dxc4 bxc4 33. Bf1 Rc7 34. Ra1 c3 35. b3 Kh8 36. Bc4 Bg8 37. Bxg8 Kxg8 38. Qd1 Rd7 39. Qb1 d3 40. b4 Qb6 41. Rf1 Kh7 42. cxd3 Rxd3 43. Ne3 Rxe3 44. fxe3 Qxe3 45. Qc2 Qh3+ 46. Kg1 Qxg4+ 47. Kh1 Rd8 48. Rad1 Rxd1 49. Rxd1 Qf3+ 50. Kg1 Ne2+ 51. Kh2 Qf2+ 0-1

[Event "Warsaw YMCA Spring 153rd"]
[Site "Warsaw"]
[Date "2015.06.10"]
[Round "10"]
[White "Ferraris, Danilo"]
[Black "Sobotka, Jan"]
[Result "1/2-1/2"]
[WhiteElo "1788"]
[BlackElo "1611"]
[PlyCount "52"]
[EventDate "2015.04.09"]
[EventType "tourn"]
[EventRounds "13"]
[EventCountry "POL"]
[SourceTitle "EXT 2017"]
[Source "ChessBase"]
[SourceDate "2016.10.25"]
[SourceVersion "1"]
[SourceVersionDate "2016.10.25"]
[SourceQuality "1"]

1. d4 Nf6 2. e3 d5 3. Bd3 c5 4. c3 Nc6 5. f4 e6 6. Nf3 Bd6 7. Ne5 0-0 8. Nd2 Re8 9. 0-0 Qc7 10. g4 g6 11. Qf3 Rf8 12. h4 Kg7 13. h5 Ne7 14. Kf2 Bd7 15. Rh1 Rh8 16. Qh3 Rag8 17. Qh4 Ne8 18. Ndf3 f6 19. Nxd7 Qxd7 20. Bd2 Kf7 21. h6 c4 22. Bc2 b5 23. a3 a5 24. Qh3 Nc6 25. g5 f5 26. Rhb1 a4 1/2-1/2

[Event "Warsaw YMCA Spring 153rd"]
[Site "Warsaw"]
[Date "2015.05.27"]
[Round "8"]
[White "Wilczynski, Adam"]
[Black "Ferraris, Danilo"]
[Result "1-0"]
[WhiteElo "1652"]
[BlackElo "1788"]
[PlyCount "70"]
[EventDate "2015.04.09"]
[EventType "tourn"]
[EventRounds "13"]
[EventCountry "POL"]
[SourceTitle "EXT 2017"]
[Source "ChessBase"]
[SourceDate "2016.10.25"]
[SourceVersion "1"]
[SourceVersionDate "2016.10.25"]
[SourceQuality "1"]

1. c4 c6 2. Nf3 d5 3. e3 Nf6 4. Nc3 Bg4 5. Qb3 b6 6. Ne5 e6 7. cxd5 exd5 8. Nxg4 Nxg4 9. Be2 Nf6 10. Bf3 Nbd7 11. d4 Bd6 12. g3 0-0 13. 0-0 Re8 14. a4 Kh8 15. Qc2 Qc7 16. Bd2 Rac8 17. Rad1 Nf8 18. Bg2 Ne6 19. Qf5 Be7 20. Rc1 Qd8 21. Qb1 c5 22. dxc5 bxc5 23. Rfd1 d4 24. exd4 cxd4 25. Nb5 Qb6 26. b4 a6 27. Na3 Qd8 28. Nc4 Nd5 29. b5 axb5 30. Ba5 Ndc7 31. Ne5 Kg8 32. axb5 Ba3 33. Rc4 Qd6 34. Nc6 Bc5 35. Be4 h6 1-0

[Event "Warsaw YMCA Spring 153rd"]
[Site "Warsaw"]
[Date "2015.04.28"]
[Round "3"]
[White "Ferraris, Danilo"]
[Black "Sokalski, Daniel"]
[Result "0-1"]
[WhiteElo "1788"]
[BlackElo "1759"]
[PlyCount "62"]
[EventDate "2015.04.09"]
[EventType "tourn"]
[EventRounds "13"]
[EventCountry "POL"]
[SourceTitle "EXT 2017"]
[Source "ChessBase"]
[SourceDate "2016.10.25"]
[SourceVersion "1"]
[SourceVersionDate "2016.10.25"]
[SourceQuality "1"]

1. Nf3 d5 2. g3 c5 3. d3 Nf6 4. Bg2 Nc6 5. Nbd2 e6 6. 0-0 Be7 7. Re1 b6 8. e4 a5 9. c3 Ra7 10. Qc2 0-0 11. Nf1 Ba6 12. e5 Nd7 13. h4 b5 14. N1h2 b4 15. Bf4 Qc7 16. Bh3 bxc3 17. bxc3 Rb7 18. Rab1 Rfb8 19. d4 cxd4 20. Rxb7 Rxb7 21. cxd4 Nb4 22. Qxc7 Rxc7 23. Bd2 a4 24. Bf1 Bxf1 25. Nxf1 Nxa2 26. Ra1 Nc3 27. Ne3 Nb6 28. Kg2 a3 29. Nc2 Nb5 30. Ra2 Nc4 31. Ba5 Nxa5 0-1

[Event "Warsaw YMCA Spring 153rd"]
[Site "Warsaw"]
[Date "2015.04.15"]
[Round "2"]
[White "Kaminski, Jan"]
[Black "Ferraris, Danilo"]
[Result "1-0"]
[WhiteElo "1727"]
[BlackElo "1788"]
[PlyCount "66"]
[EventDate "2015.04.09"]
[EventType "tourn"]
[EventRounds "13"]
[EventCountry "POL"]
[SourceTitle "EXT 2017"]
[Source "ChessBase"]
[SourceDate "2016.10.25"]
[SourceVersion "1"]
[SourceVersionDate "2016.10.25"]
[SourceQuality "1"]

1. e4 c6 2. d4 d5 3. e5 c5 4. dxc5 Nc6 5. f4 e6 6. Nf3 Bxc5 7. Nc3 a6 8. a3 Nge7 9. b4 Bb6 10. Bd3 g6 11. Qe2 Qc7 12. Bb2 Nd4 13. Nxd4 Bxd4 14. Nb5 axb5 15. Bxd4 Bd7 16. 0-0 Qc6 17. g4 h5 18. Bc5 b6 19. Bxe7 Kxe7 20. g5 Ra7 21. Rfb1 Rha8 22. Rb3 Ra4 23. Qd2 Qc8 24. Be2 Qa6 25. f5 Qc8 26. fxg6 fxg6 27. Rc3 Qb8 28. Qf4 Qf8 29. Qe3 Qg7 30. Rf1 Rf8 31. Rf6 Qh8 32. Qxb6 Rxf6 33. Qd6+ Kd8 1-0

[Event "Warsaw YMCA Spring 153rd"]
[Site "Warsaw"]
[Date "2015.04.10"]
[Round "1"]
[White "Ferraris, Danilo"]
[Black "Celinski, Kamil"]
[Result "0-1"]
[WhiteElo "1788"]
[BlackElo "1698"]
[PlyCount "40"]
[EventDate "2015.04.09"]
[EventType "tourn"]
[EventRounds "13"]
[EventCountry "POL"]
[SourceTitle "EXT 2017"]
[Source "ChessBase"]
[SourceDate "2016.10.25"]
[SourceVersion "1"]
[SourceVersionDate "2016.10.25"]
[SourceQuality "1"]

1. d4 Nf6 2. e3 g6 3. Bd3 Bg7 4. f4 0-0 5. Nf3 d6 6. 0-0 c5 7. c3 b6 8. Nbd2 Bb7 9. Qe2 Nd5 10. Be4 f5 11. Bd3 cxd4 12. exd4 Nxf4 13. Qe3 Nxd3 14. Qxd3 Ba6 15. c4 d5 16. b3 dxc4 17. bxc4 e5 18. Qb3 e4 19. Ne5 Qxd4+ 20. Kh1 Bxe5 0-1